Normal view
MARC view
Entry Personal Name
001 - CONTROL NUMBER
- control field: 85800
003 - CONTROL NUMBER IDENTIFIER
- control field: dpl
005 - DATE AND TIME OF LATEST TRANSACTION
- control field: 20251128153104.0
008 - FIXED-LENGTH DATA ELEMENTS
- fixed length control field: 251128|| aca||aabn | a|a d
040 ## - CATALOGING SOURCE
- Original cataloging agency: dpl
- Transcribing agency: dpl
100 ## - HEADING--PERSONAL NAME
- Personal name: Gandhi, Mohandas Karamchand
670 ## - SOURCE DATA FOUND
- Source citation: Work cat.: (dpl)209526: Gandhi, Mohandas Karamchand , The Story Of My Experiments With Truth/, 2025
